Vista normal Vista MARC

Entrada Corporate Name

Número de registros utilizados en: 1

001 - CONTROL NUMBER

  • control field: 7626

003 - CONTROL NUMBER IDENTIFIER

  • control field: OSt

005 - DATE AND TIME OF LATEST TRANSACTION

  • control field: 20200722155452.0

008 - FIXED-LENGTH DATA ELEMENTS

  • fixed length control field: 200722|| aca||aabn | a|a d

040 ## - CATALOGING SOURCE

  • Original cataloging agency: OSt
  • Transcribing agency: OSt

110 ## - HEADING--CORPORATE NAME

  • Corporate name or jurisdiction name as entry element: Fondo Nacional de Desarrollo Económico

670 ## - SOURCE DATA FOUND

  • Source citation: Work cat.: (OSt)5595: Colombia. Ministerio de Hacienda y Crédito Público 7620, Una apertura hacia el futuro /, 1994